00321nam a22001337a 4500003000400000008004100004020001800045082001600063100001700079245004200096250001100138260003000149300000800179OSt240221b |||||||| |||| 00| 0 eng d a9789332570313 a 006.32 HAN aHAYKIN,Simon aNeural Networks and Learning Machines a3rd Ed aNew Delhi bPearsonc2024 a918